[Event "5th Sudety Open 2012"]
[Site "Szklarska Poreba POL"]
[Date "2012.06.06"]
[Round "4"]
[White "Klim,K"]
[Black "Lada,I"]
[Result "1-0"]
[WhiteElo "2332"]
[BlackElo "2039"]

1.d4 d5 2.c4 c6 3.Nf3 Nf6 4.e3 e6 5.Nc3 Bb4 6.Bd3 Nbd7 7.O-O O-O 8.Bd2 Bd6
9.Qc2 dxc4 10.Bxc4 e5 11.h3 Qe7 12.a3 h6 13.Ba2 Re8 14.Nh4 Nf8 15.Nf5 Bxf5
16.Qxf5 a5 17.dxe5 Qxe5 18.Qxe5 Bxe5 19.Rfc1 Red8 20.Rc2 Rd7 21.Kf1 Bxc3
22.Bxc3 Nd5 23.Be1 Ne6 24.Rd2 Rad8 25.Rc2 Ra8 26.Rac1 a4 27.Rd2 Rad8 28.Rcd1 b5
29.Ke2 Kf8 30.Kf1 Kg8 31.Ke2 Kf8 32.Kf1 Kg8 33.Ke2 Kf8 34.Kf1 Kg8 35.Ke2 Kf8
36.g3 Ke7 37.e4 Nb6 38.Rxd7+ Rxd7 39.Rxd7+ Kxd7 40.Ke3 f6 41.f4 c5 42.Ba5 Nc8
43.Bd5 Nc7 44.Bxc7 Kxc7 45.e5 Ne7 46.Bf7 Nf5+ 47.Kf3 fxe5 48.fxe5 b4 49.Ke4 bxa3
50.bxa3 Nxg3+ 51.Kd5 Kd7 52.Kxc5 Ne4+ 53.Kd4 Ng5 54.Bh5 Ne6+ 55.Kc4 Nf4 56.Bg4+ Kc6
57.Bd1 Nxh3 58.Bxa4+ Kc7 59.Kd5 Nf4+ 60.Ke4 g5 61.Kf5 Nd5 62.Bb3 Ne7+ 63.Kf6 Nc6
64.e6 Kd6 65.Bd1 Ne7 66.a4 Nd5+ 67.Kf7 Kc5 68.Bf3 Nc7 69.e7 Kb4 70.Bc6 g4
71.Kf6 g3 72.Ke5  1-0

[Event "19th Metropolitan IM"]
[Site "Los Angeles USA"]
[Date "2012.06.07"]
[Round "2"]
[White "Troff,Kayden W"]
[Black "Shen,V"]
[Result "0-1"]
[WhiteElo "2276"]
[BlackElo "2333"]

1.d4 d5 2.c4 c6 3.Nf3 Nf6 4.e3 e6 5.Nc3 Nbd7 6.Qc2 Bd6 7.g4 h6 8.Rg1 dxc4
9.Bxc4 b5 10.Bd3 Bb7 11.e4 e5 12.Be3 exd4 13.Bxd4 b4 14.Nb1 c5 15.Be3 c4
16.Qxc4 Rc8 17.Qb5 Bxe4 18.Bxe4 Nxe4 19.Nbd2 Nxd2 20.Nxd2 O-O 21.g5 hxg5
22.Rxg5 Bc5 23.Ke2 a6 24.Rxg7+ Kxg7 25.Rg1+ Kh8 26.Qc4 Bxe3 27.Qg4 Bh6 28.Ne4 Rc2+
29.Kf1 Rc1+ 30.Ke2 Rxg1  0-1

[Event "19th Metropolitan IM"]
[Site "Los Angeles USA"]
[Date "2012.06.07"]
[Round "3"]
[White "Shen,V"]
[Black "Sevian,Samuel"]
[Result "1-0"]
[WhiteElo "2333"]
[BlackElo "2247"]

1.c4 c6 2.d4 d5 3.Nc3 Nf6 4.e3 e6 5.Nf3 Nbd7 6.Bd3 dxc4 7.Bxc4 b5 8.Bd3 b4
9.Ne4 Bb7 10.O-O Qb6 11.a3 Nxe4 12.Bxe4 f5 13.Bd3 c5 14.axb4 cxb4 15.Bc4 Bd5
16.Bxd5 exd5 17.Qd3 g6 18.Ra6 Qb7 19.h4 Be7 20.h5 Nb8 21.Ra5 Nd7 22.Qb3 Nb6
23.Ne5 Bd6 24.Qd3 Bxe5 25.dxe5 O-O 26.b3 Rae8 27.Bb2 Re6 28.Rfa1 Ra8 29.Bd4 Nc8
30.f4 a6 31.Bc5 Kf7 32.hxg6+ hxg6 33.R1a4 Ne7 34.Bxe7 Qxe7 35.Rxd5 Qh4 36.Rd7+ Ke8
37.Ra1 Re7 38.Rd1 Rh7 39.Rxh7 Qxh7 40.Qd5 Qa7 41.Qg8+ Ke7 42.Qg7+ Ke8 43.Qxg6+ Kf8
44.Qxf5+ Kg8 45.Rd7 Qxe3+ 46.Kh2  1-0

[Event "Mitropa Cup 2012"]
[Site "Sibenik CRO"]
[Date "2012.06.07"]
[Round "8"]
[White "Kreisl,R"]
[Black "Bosiocic,Mari"]
[Result "1/2-1/2"]
[WhiteElo "2398"]
[BlackElo "2555"]

1.Nf3 d5 2.d4 Nf6 3.c4 c6 4.Nc3 e6 5.e3 Nbd7 6.Qc2 Bd6 7.Bd3 O-O 8.O-O dxc4
9.Bxc4 b5 10.Bd3 Bb7 11.Ng5 h6 12.Nge4 Be7 13.Nxf6+ Nxf6 14.Ne4 Nd7 15.Bd2 c5
16.dxc5 Nxc5 17.Nxc5 Bxc5 18.Qxc5 Qxd3 19.Bc3 a5 20.Qe5 Qg6 21.Qg3 Qxg3 22.hxg3 b4
23.Bd4 f6 24.Rfc1 e5 25.Bb6 Ra6 26.Bc7 a4 27.Rc5 b3 28.axb3 axb3 29.Rxa6 Bxa6
30.Rc3 Rc8 31.f3 Kf7 32.e4 Ke7 33.Kf2 Kd7 34.Ba5 Bc4 35.Rc1 h5 36.Ke3 Rc6
37.f4 Bf7 38.Rxc6 Kxc6  1/2-1/2

[Event "5th Sudety Open 2012"]
[Site "Szklarska Poreba POL"]
[Date "2012.06.07"]
[Round "5"]
[White "Malaniuk,V"]
[Black "Goluch,P"]
[Result "1/2-1/2"]
[WhiteElo "2519"]
[BlackElo "2246"]

1.d4 Nf6 2.Nf3 e6 3.c4 d5 4.Nc3 c6 5.e3 a6 6.c5 Nbd7 7.Qc2 b5 8.Bd3 Qc7 9.e4 b4
10.Na4 dxe4 11.Bxe4 Rb8 12.Nc3 Ra8 13.Na4 Rb8 14.O-O Nd5 15.Bg5 N7f6 16.Bh4 b3
17.axb3 Nxe4 18.Qxe4 Rxb3 19.Bg3 Qb7 20.Rfc1 Be7 21.Nd2 Rb4 22.Nc4 O-O 23.Bd6 Rd8
24.Bxe7 Qxe7 25.Nd6 Qf6 26.Rd1 a5 27.h3 Ba6 28.Nc3 Rxb2 29.Nxd5 Qxf2+ 30.Kh1 exd5
31.Qf3 Qxf3 32.gxf3 Be2 33.Re1 Ra8 34.Ra3 a4 35.Kg2 g6 36.Kf2 Bc4+ 37.Kg3 Bb3
38.Re7 Ra2 39.Rxa2 Bxa2 40.Nxf7 Kf8 41.Rd7 Bc4 42.Ng5 Ke8 43.Rxh7 Ra5 44.Rh8+ Kd7
45.Rh7+ Kc8 46.Nf7 Kd7 47.Ng5+ Ke8 48.Rh8+ Ke7 49.Rh7+ Ke8 50.Rh8+ Kd7 51.Rh7+ Kc8
52.Nf7 Kb8 53.Nd6 Rb5 54.Rh8+ Ka7 55.Rh7+ Ka6 56.Rh8 Ka7 57.Nc8+ Ka6  1/2-1/2

[Event "Asian Junior Girls 2012"]
[Site "Tashkent UZB"]
[Date "2012.06.07"]
[Round "9.3"]
[White "Kurbonboeva,Sarvinoz"]
[Black "Vo Thi Kim Phung"]
[Result "0-1"]
[WhiteElo "2199"]
[BlackElo "2155"]

1.d4 d5 2.c4 c6 3.e3 Nf6 4.Nf3 e6 5.Nc3 Be7 6.Bd3 dxc4 7.Bxc4 b5 8.Bb3 a6
9.O-O c5 10.Qe2 Bb7 11.Rd1 Qb6 12.Bc2 Nc6 13.b3 cxd4 14.exd4 Nb4 15.Bb1 Rc8
16.Bb2 Nbd5 17.Nxd5 Bxd5 18.Ne5 O-O 19.Bd3 Rfd8 20.Rac1 Bb4 21.Bb1 Qa5 22.Rxc8 Rxc8
23.Bc1 g6 24.Bg5 Ne8 25.Ng4 Bf8 26.h4 Bg7 27.h5 Qb4 28.hxg6 hxg6 29.Ne5 Bxe5
30.dxe5 Ng7 31.f4 Nh5 32.f5 Ng3 33.Qe3 Qg4 34.Re1 Nxf5 35.Qd2 Nd4 36.Kh2 Bxg2
37.Re3 Nf3+ 38.Rxf3 Bxf3 39.Bf6 Qh5+ 40.Kg3 Bg4 41.Qd7 Rf8 42.Be4 Qh3+ 43.Kf4 Bf5
44.Bf3 Qh6+ 45.Kg3 Qe3 46.Qc6 g5 47.Kh2 g4  0-1

[Event "1st Grand Europe Open"]
[Site "Golden Sands BUL"]
[Date "2012.06.08"]
[Round "5.78"]
[White "Yakimenko,Alex"]
[Black "Levine,Viktor"]
[Result "1-0"]
[WhiteElo "2220"]
[BlackElo "1969"]

1.d4 d5 2.c4 c6 3.Nc3 Nf6 4.e3 e6 5.Nf3 Nbd7 6.Qc2 Bd6 7.a3 O-O 8.Bd3 dxc4
9.Bxc4 b5 10.Ba2 Bb7 11.O-O Qe7 12.e4 e5 13.h3 a6 14.Bg5 h6 15.Bh4 g5 16.Bg3 Nh5
17.dxe5 Nxe5 18.Bxe5 Bxe5 19.Nxe5 Qxe5 20.Rad1 Rad8 21.Rxd8 Rxd8 22.Rd1 Qe7
23.e5 Rxd1+ 24.Nxd1 Nf4 25.g3 Nd5 26.Qe4 Qd7 27.h4 Nf4 28.gxf4 Qxd1+ 29.Kh2 Qh5
30.fxg5 hxg5 31.e6 Kf8 32.Qb4+ Kg7 33.Qd4+ Kf8 34.Qb4+ Kg7 35.e7 c5 36.e8=Q  1-0

[Event "1st Grand Europe Open"]
[Site "Golden Sands BUL"]
[Date "2012.06.08"]
[Round "5.16"]
[White "Grigoryan,Av"]
[Black "Gabuzyan,H"]
[Result "1-0"]
[WhiteElo "2581"]
[BlackElo "2457"]

1.d4 d5 2.c4 c6 3.Nc3 Nf6 4.e3 e6 5.Nf3 Nbd7 6.Bd3 dxc4 7.Bxc4 b5 8.Bd3 Bd6
9.O-O Bb7 10.a3 O-O 11.Qc2 Qe7 12.e4 e5 13.Ne2 c5 14.Ng3 c4 15.Nf5 Qe6 16.d5 cxd3
17.dxe6 dxc2 18.Nxd6 Nc5 19.Be3 Nfxe4 20.exf7+ Kh8 21.Rac1 Nb3 22.Nxb7 Rxf7
23.Rxc2 Rxb7 24.Nxe5 a5 25.Rd1 h6 26.g4 a4 27.h4 Re8 28.f4 Kh7 29.Kg2 Nf6
30.g5 Nh5 31.Kf3 Na5 32.Rc5 g6 33.Rdd5 hxg5 34.hxg5  1-0

[Event "1st Grand Europe Open"]
[Site "Golden Sands BUL"]
[Date "2012.06.08"]
[Round "5.39"]
[White "Atalik,E"]
[Black "Todorov,O"]
[Result "1-0"]
[WhiteElo "2474"]
[BlackElo "2305"]

1.d4 d5 2.c4 c6 3.Nc3 Nf6 4.e3 e6 5.Nf3 Nbd7 6.Qc2 Bd6 7.Bd3 O-O 8.O-O dxc4
9.Bxc4 b5 10.Bd3 Bb7 11.h3 Re8 12.Rd1 Qc7 13.Ng5 h6 14.Nge4 Nxe4 15.Nxe4 a6
16.Nxd6 Qxd6 17.b3 Rac8 18.Bb2 c5 19.dxc5 Qc6 20.Bh7+ Kh8 21.Be4 Qxe4 22.Qxe4 Bxe4
23.Rxd7 Kg8 24.f3 Bc6 25.Rd6 f6 26.Rad1 Kf7 27.Kf2 Ke7 28.Bc3 Red8 29.Ba5 Rxd6
30.Rxd6 Kf7 31.g4 Ke7 32.h4 g6 33.e4 g5 34.h5  1-0

[Event "11th TCh-BIH Premier"]
[Site "Jahorina BIH"]
[Date "2012.06.08"]
[Round "7.5"]
[White "Markus,Rob"]
[Black "Muratovic,Ef"]
[Result "1/2-1/2"]
[WhiteElo "2628"]
[BlackElo "2312"]

1.d4 d5 2.c4 c6 3.Nf3 Nf6 4.e3 e6 5.Nc3 Nbd7 6.Qc2 Bd6 7.Bd3 dxc4 8.Bxc4 O-O
9.O-O b5 10.Bd3 Bb7 11.Ng5 Bxh2+ 12.Kxh2 Ng4+ 13.Kg1 Qxg5 14.f3 Ngf6 15.Ne2 e5
16.e4 Qg6 17.Be3 Rfe8 18.a4 a6 19.Qc3 exd4 20.Bxd4 c5 21.Be3 b4 22.Qd2 Ne5
23.Nf4 Qg3 24.Ne2 Qg6 25.Nf4 Qg3  1/2-1/2

[Event "Mitropa Cup 2012"]
[Site "Sibenik CRO"]
[Date "2012.06.08"]
[Round "9"]
[White "Froewis,G"]
[Black "Fodor,T jr"]
[Result "1/2-1/2"]
[WhiteElo "2363"]
[BlackElo "2502"]

1.Nf3 d5 2.d4 Nf6 3.c4 c6 4.Nc3 e6 5.e3 Nbd7 6.Bd3 dxc4 7.Bxc4 b5 8.Bd3 Bd6
9.O-O O-O 10.Qc2 Bb7 11.Rd1  1/2-1/2

[Event "TCh-NOR Clubs 2012"]
[Site "Fagernes NOR"]
[Date "2012.06.09"]
[Round "3"]
[White "Kristiansen,E"]
[Black "Moen,A"]
[Result "1/2-1/2"]
[WhiteElo "2194"]
[BlackElo "2395"]

1.d4 d5 2.c4 c6 3.e3 Nf6 4.Nc3 e6 5.Nf3 Nbd7 6.Bd3 dxc4 7.Bxc4 b5 8.Bd3 Bd6
9.e4 e5 10.dxe5 Nxe5 11.Nxe5 Bxe5 12.Be3 O-O 13.Qc2 Re8 14.Rd1 Ng4 15.Bc5 Qg5
16.h4 Qf6 17.g3 Be6 18.O-O Rad8 19.Be2 Bd4 20.Bxd4 Rxd4 21.Rxd4 Qxd4 22.Qd1 Qxd1
23.Rxd1 b4 24.Na4 Nf6 25.Nc5 Bxa2 26.b3 Nxe4 27.Nxe4 Bxb3 28.Rd7 Kf8 29.Bf3 Bd5
30.Ng5 Re7 31.Rd8+ Re8 32.Rd7 Re7 33.Rd8+ Re8  1/2-1/2

[Event "1st Grand Europe Open"]
[Site "Golden Sands BUL"]
[Date "2012.06.09"]
[Round "6.11"]
[White "Swapnil,SD"]
[Black "Grigoryan,Av"]
[Result "1-0"]
[WhiteElo "2445"]
[BlackElo "2581"]

1.d4 d5 2.c4 c6 3.Nc3 Nf6 4.e3 e6 5.Nf3 Nbd7 6.Qc2 Bd6 7.b3 O-O 8.Be2 Qe7
9.O-O dxc4 10.bxc4 e5 11.Rd1 Re8 12.Rb1 e4 13.Nd2 Nf8 14.c5 Bc7 15.Nc4 Ng6
16.Ba3 Nh4 17.Nd6 Bxd6 18.cxd6 Qd7 19.Bf1 Qg4 20.Kh1 b6 21.Ne2 Bd7 22.Ng3 h5
23.Bb4 Ng6 24.a4 Qg5 25.h3 h4 26.Ne2 Nd5 27.Nc3 Nxb4 28.Rxb4 f5 29.a5 b5
30.d5 c5 31.Rxb5 Bxb5 32.Nxb5 Qd8 33.Qxc5 Qxa5 34.d7 Red8 35.d6 Rf8 36.Qc4+ Kh7
37.Nc7 Rad8 38.Ne6 Ne5 39.Nxf8+ Rxf8 40.Qe6 Qa4 41.Rd5 Nxd7 42.Rxf5 Nf6 43.Bb5 Qa5
44.Bc6 Qa1+ 45.Kh2 Rb8 46.Bxe4 Kh8 47.Rf4  1-0

[Event "1st Grand Europe Open"]
[Site "Golden Sands BUL"]
[Date "2012.06.09"]
[Round "6.42"]
[White "Enchev,I"]
[Black "Aginian,N"]
[Result "1-0"]
[WhiteElo "2419"]
[BlackElo "2254"]

1.d4 d5 2.c4 c6 3.Nc3 Nf6 4.Nf3 e6 5.e3 Nbd7 6.Qc2 Bd6 7.b3 O-O 8.Be2 e5
9.cxd5 cxd5 10.Nb5 Bb4+ 11.Bd2 Bxd2+ 12.Nxd2 a6 13.dxe5 Nxe5 14.Nd4 Bg4 15.Bxg4 Nfxg4
16.O-O Rc8 17.Qf5 g6 18.Qf4 Re8 19.Rad1 Nf6 20.Qg5 Ne4 21.Qxd8 Rexd8 22.Nb1 Kg7
23.f3 Nc3 24.Rd2 Re8 25.Kf2 Nxb1 26.Rxb1 Rc5 27.Ne2 Nc6 28.Nf4 Ne7 29.Rbd1 Rec8
30.g4 Rc2 31.h4 Kf6 32.Ke2 Ke5 33.h5 f5 34.g5 Rxd2+ 35.Rxd2 Rg8 36.Rc2 Kd6
37.h6 Re8 38.Rd2 Ke5 39.Rd4 Rc8 40.Kd2 b6 41.Rb4 Rc6 42.Rd4 Rc8 43.Rb4 Rc6
44.a4 Rd6 45.Nd3+ Ke6 46.a5 b5 47.Rh4 Nc6 48.b4 Ne5 49.Nc5+ Ke7 50.Ke2 Nf7
51.f4 Rc6 52.Rh1 Nd6 53.Rc1 Nc4 54.Rd1 Rd6 55.Rd4 Na3 56.Rd1 Nc4 57.Kf2 Na3
58.Rc1 Nc4 59.Ke2 Rc6 60.Rc3 Rd6 61.Kd3 Nxe3 62.Nxa6 Ng2 63.Rc7+ Kd8 64.Rxh7 Nxf4+
65.Kd2 Rxa6 66.Rg7 Re6 67.h7 Re2+ 68.Kc3 Rh2 69.Rg8+ Kc7 70.h8=Q Rxh8 71.Rxh8 Ne6
72.Rh7+ Kb8 73.Re7 Nxg5 74.Kd4 f4 75.Kc5 f3 76.Kb6 Kc8 77.a6 Kd8 78.Rb7 Ke8
79.a7 Ne6 80.a8=Q+ Nd8 81.Rb8  1-0

[Event "19th Metropolitan IM"]
[Site "Los Angeles USA"]
[Date "2012.06.09"]
[Round "6"]
[White "Troff,Kayden W"]
[Black "Arvind,C"]
[Result "1/2-1/2"]
[WhiteElo "2276"]
[BlackElo "2317"]

1.d4 d5 2.c4 c6 3.Nf3 Nf6 4.e3 e6 5.Nc3 Nbd7 6.Qc2 Bd6 7.g4 h6 8.Rg1 e5 9.cxd5 cxd5
10.g5 hxg5 11.Nb5 Bb4+ 12.Bd2 Bxd2+ 13.Nxd2 O-O 14.Rxg5 Ne4 15.Nxe4 dxe4
16.h4 exd4 17.Qxe4 dxe3 18.Rxg7+ Kxg7 19.Qg4+ Kh8 20.Qh5+ Kg7 21.Qg4+ Kh8
22.Qh5+  1/2-1/2

[Event "GEO-AZE Friendship 2012"]
[Site "Tbilisi GEO"]
[Date "2012.06.09"]
[Round "3"]
[White "Mamedyarov,S"]
[Black "Shanava,K"]
[Result "1-0"]
[WhiteElo "2726"]
[BlackElo "2589"]

1.d4 d5 2.c4 c6 3.Nc3 Nf6 4.Nf3 e6 5.e3 Nbd7 6.Qc2 Bd6 7.g4 dxc4 8.g5 Nd5
9.Bxc4 e5 10.Bd2 O-O 11.Nxd5 cxd5 12.Bxd5 exd4 13.Nxd4 Qxg5 14.Qf5 Qe7 15.Rg1 Nb6
16.Bc3 Qe5 17.Qd3 Nxd5 18.Nf3 Bf5 19.Qxd5 Qxd5 20.Rxg7+ Kh8 21.Rxf7+ Be5
22.Bxe5+ Kg8 23.Rg7+ Kh8 24.Rg5+  1-0

[Event "TCh-FRA Top 12 2012"]
[Site "Belfort FRA"]
[Date "2012.06.10"]
[Round "11.5"]
[White "Bellaiche,A"]
[Black "Gozzoli,Y"]
[Result "1-0"]
[WhiteElo "2496"]
[BlackElo "2551"]

1.d4 Nf6 2.c4 c6 3.Nc3 d5 4.e3 e6 5.Nf3 Nbd7 6.Bd3 dxc4 7.Bxc4 b5 8.Bd3 a6
9.e4 c5 10.d5 Qc7 11.O-O Bb7 12.dxe6 fxe6 13.Bc2 O-O-O 14.Ng5 Re8 15.f4 c4
16.e5 h6 17.Nf7 Bc5+ 18.Kh1 Rhf8 19.Bg6 Qc6 20.Qe2 Re7 21.exf6 Rexf7 22.a4 gxf6
23.axb5 axb5 24.Be4 Qb6 25.Bxb7+ Kxb7 26.b3 Rg8 27.bxc4 Rfg7 28.Qf3+ Qc6
29.Qxc6+ Kxc6 30.cxb5+ Kb7 31.g3 Bd4 32.Ra3 h5 33.Ne4 h4 34.Rd1 Bb6 35.Be3 hxg3
36.hxg3 Bxe3 37.Rxe3 Nb6 38.Nc5+ Kb8 39.Rxe6 Nc4 40.Nd7+ Kb7 41.Nxf6 Rh8+
42.Kg2 Rh6 43.Rd7+  1-0

[Event "TCh-FRA Top 12 2012"]
[Site "Belfort FRA"]
[Date "2012.06.10"]
[Round "11.2"]
[White "Vachier Lagrave,M"]
[Black "Ragger,M"]
[Result "1-0"]
[WhiteElo "2680"]
[BlackElo "2670"]

1.c4 c6 2.d4 d5 3.Nc3 Nf6 4.e3 e6 5.Nf3 Nbd7 6.Qc2 Bd6 7.Bd3 O-O 8.O-O dxc4
9.Bxc4 a6 10.Rd1 b5 11.Bd3 Qc7 12.Bd2 c5 13.dxc5 Qxc5 14.Ne4 Qxc2 15.Bxc2 Be7
16.a4 Bb7 17.Nxf6+ Nxf6 18.axb5 axb5 19.Nd4 b4 20.f3 Rfc8 21.Rxa8 Rxa8 22.Rc1 Rc8
23.Kf2 Nd7 24.Bd3 Rxc1 25.Bxc1 Bf6 26.Bb5 Nb6 27.Ke2 Nd5 28.Kd3 Nc7 29.Bc4 Na6
30.Kc2 Be5 31.h3 Nc7 32.Kb3 Nd5 33.Nc2 Nb6 34.Bb5 Bd5+ 35.Kxb4 f5 36.Bd3 Bd6+
37.Kb5 Nd7 38.Bc4 Ne5 39.Bxd5 exd5 40.Bd2 Kf7 41.Bc3 f4 42.exf4 Nd3 43.Kc6 Bb8
44.f5 h5 45.Kxd5 Nf4+ 46.Ke4 Nxh3 47.gxh3  1-0

[Event "TCh-FRA Top 12 2012"]
[Site "Belfort FRA"]
[Date "2012.06.10"]
[Round "11.4"]
[White "Miton,K"]
[Black "Beikert,G"]
[Result "1-0"]
[WhiteElo "2622"]
[BlackElo "2436"]

1.d4 d5 2.c4 c6 3.Nf3 Nf6 4.Nc3 e6 5.e3 Nbd7 6.Qc2 b6 7.Bd3 Bb7 8.O-O Be7
9.b3 O-O 10.Bb2 c5 11.cxd5 exd5 12.Rad1 Rc8 13.Bf5 g6 14.Bxd7 Qxd7 15.dxc5 bxc5
16.Nxd5 Bxd5 17.e4 Nxe4 18.Qxe4 Bxe4 19.Rxd7 Bd8 20.Rxa7 Bb6 21.Ra6 Bc7 22.Re1 Bd3
23.Ra7 c4 24.h3 c3 25.Bc1 Bb8 26.Rb7 Rfe8 27.a4 Be4 28.Rb4 f5 29.Rc4 Rxc4
30.bxc4 Rd8 31.Bg5 Rc8 32.Rc1 Rxc4 33.a5 Kf7 34.a6 f4 35.Bd8 Rc8 36.Ng5+ Ke8
37.Nxe4 Kxd8 38.Rxc3 Rxc3 39.Nxc3 Kc7 40.Nd5+ Kc6 41.Nf6 h5 42.Kf1 f3 43.gxf3 Ba7
44.Ke2 Bd4 45.Nh7 Bc5 46.Ng5 Kb6 47.Ne6 Bd6 48.Ke3 Kxa6 49.Nf4 Bc5+ 50.Ke4 Bxf2
51.Nxg6 Kb5 52.Kd5 Kb4 53.f4 Kc3 54.f5 Be3 55.f6 Kd3 56.f7 Bh6 57.f8=Q Bxf8
58.Nxf8 Ke3 59.h4 Kf4 60.Ke6  1-0

[Event "TCh-NOR Clubs 2012"]
[Site "Fagernes NOR"]
[Date "2012.06.10"]
[Round "5"]
[White "Lobersli,Henrik Oie"]
[Black "Svensen,T"]
[Result "0-1"]
[WhiteElo "1818"]
[BlackElo "2081"]

1.d4 d5 2.c4 c6 3.Nc3 Nf6 4.Nf3 e6 5.e3 Nbd7 6.Qc2 Bd6 7.Bd3 dxc4 8.Bxc4 a6
9.a4 Qe7 10.O-O e5 11.dxe5 Nxe5 12.Nxe5 Qxe5 13.f4 Qh5 14.Ne4 Be7 15.Nxf6+ gxf6
16.Be2 Qc5 17.Qd2 Bf5 18.Bf3 Rd8 19.Qf2 Bd3 20.Re1 f5 21.Bd2 Bf6 22.Rac1 Qd6
23.Bc3 Bxc3 24.Rxc3 Be4 25.Rd1 Qxd1+  0-1

[Event "TCh-NOR Clubs 2012"]
[Site "Fagernes NOR"]
[Date "2012.06.10"]
[Round "6"]
[White "Haugli,P"]
[Black "Sorgjerd,J"]
[Result "1-0"]
[WhiteElo "2305"]
[BlackElo "2152"]

1.d4 d5 2.c4 c6 3.Nf3 Nf6 4.Nc3 e6 5.e3 Nbd7 6.Bd3 dxc4 7.Bxc4 b5 8.Bd3 a6
9.e4 c5 10.d5 c4 11.Bc2 Qc7 12.O-O Bd6 13.dxe6 fxe6 14.Ng5 Nc5 15.f4 h6 16.e5 hxg5
17.exd6 Qb6 18.Be3 gxf4 19.Rxf4 e5 20.Rxf6 gxf6 21.Qd5 Bb7 22.Bxc5 Bxd5 23.Bxb6 Bc6
24.Rd1 Rg8 25.Be4 Kd7 26.Bf5+ Ke8 27.d7+ Kf7 28.Ne4  1-0

[Event "1st Grand Europe Open"]
[Site "Golden Sands BUL"]
[Date "2012.06.10"]
[Round "7.73"]
[White "Ivelinov,H"]
[Black "Levina,A"]
[Result "1-0"]
[WhiteElo "2243"]
[BlackElo "2093"]

1.d4 d5 2.c4 e6 3.Nc3 c6 4.e3 Nf6 5.Nf3 Bd6 6.Qc2 O-O 7.Bd2 Nbd7 8.h3 dxc4
9.Bxc4 e5 10.O-O-O b5 11.Bd3 Bb7 12.dxe5 Nxe5 13.Nxe5 Bxe5 14.f4 Bc7 15.e4 h6
16.e5 Nd5 17.Nxd5 cxd5 18.Bxb5 Ba5 19.Qa4 Bxd2+ 20.Rxd2 Qb6 21.Bd7 Rfd8 22.Kb1 Rab8
23.Rhd1 Bc8 24.Bxc8 Rbxc8 25.Qd4 Qg6+ 26.Qd3 Qb6 27.g4 d4 28.Qe4 Rb8 29.b3 Qe6
30.Kb2 h5 31.f5 Qh6 32.Rxd4 Rxd4 33.Qxd4 hxg4 34.hxg4 Rc8 35.e6 fxe6 36.Qd7 Qf6+
37.Kb1 Qc3 38.Qxe6+ Kf8 39.Qd6+ Kg8 40.Qd3 Qf6 41.Qd5+ Kf8 42.Rh1 Qc6 43.Rh8+ Ke7
44.Qe5+ Kf7 45.Qe6+  1-0

[Event "Victory Day 2012"]
[Site "Moscow RUS"]
[Date "2012.06.10"]
[Round "9.3"]
[White "Reshetnikov,Al"]
[Black "Arustamian,A"]
[Result "1/2-1/2"]
[WhiteElo "2521"]
[BlackElo "2393"]

1.c4 c6 2.Nf3 d5 3.e3 Nf6 4.Nc3 e6 5.d4 Nbd7 6.Qc2 Bd6 7.Bd3 dxc4 8.Bxc4 b5
9.Be2 a6 10.O-O c5 11.dxc5 Bxc5 12.Ne4 Nxe4 13.Qxe4 Rb8 14.b4 Be7 15.Bb2 Bb7
16.Qf4 Bf6 17.Bxf6 Qxf6 18.Qc7 Qd8 19.Rac1 O-O 20.a3 Nb6 21.Nd4 Qxc7 22.Rxc7 Rfc8
23.Rfc1 Rxc7 24.Rxc7 Nd5 25.Rd7 Kf8 26.Nb3 Bc6 27.Nc5 Ra8 28.Rd6 Ne7 29.Bf3 Bxf3
30.gxf3 a5 31.bxa5 Nf5 32.Ra6 Rc8 33.Nd7+ Ke7 34.Ne5 f6 35.Ra7+ Kd6 36.Nd3 Rc3
37.Ra6+ Kd7 38.Ra7+ Kd6 39.Nf4 e5 40.Ra6+ Kd7 41.Nh5 Rxa3 42.Kg2 Ra2 43.e4 Ne3+
44.Kg3 Nf1+ 45.Kg2 Ne3+ 46.Kg3 Nf1+  1/2-1/2

[Event "Server24Chess 2012"]
[Site "Ortisei ITA"]
[Date "2012.06.10"]
[Round "9"]
[White "Solomon,K"]
[Black "Akshat,Chandra"]
[Result "0-1"]
[WhiteElo "2429"]
[BlackElo "2146"]

1.Nf3 Nf6 2.c4 e6 3.d4 d5 4.Nc3 c6 5.e3 Nbd7 6.Qc2 Bd6 7.Be2 O-O 8.O-O dxc4
9.Bxc4 a6 10.e4 e5 11.Rd1 Qc7 12.g3 b5 13.Be2 Re8 14.a3 exd4 15.Nxd4 Be5
16.Be3 Bb7 17.Bf3 c5 18.Nde2 Nb6 19.Rac1 Nc4 20.Bf4 Nd6 21.Nd5 Nxd5 22.exd5 Rac8
23.Bg4 Rcd8 24.Bxe5 Rxe5 25.Qxc5 Qxc5 26.Rxc5 Nc4 27.b3 Nxa3 28.Rc7 Rexd5
29.Rxd5 Bxd5 30.Nd4 g6 31.Bd7 b4 32.f4 Nb1 33.Kf2 Nd2 34.Ba4 Ne4+ 35.Ke1 Nc3
36.Bd7 Kf8 37.h4 Ne4 38.g4 Nf6 39.Bc8 Re8+ 40.Kd2 Re4 41.Kd3 Rxf4 42.Rc5 Bg2
43.g5 Bf1+ 44.Ke3 Re4+ 45.Kf2 Rxd4 46.Kxf1 Ne4 47.Rc7 Nd2+ 48.Kf2 a5 49.Ba6 Nxb3
50.Ke3 Rxh4 51.Bc4 Nd4 52.Bxf7 Nf5+ 53.Kf3 a4 54.Bd5 Rd4 55.Be6 b3 56.Rf7+ Ke8
57.Rb7  0-1

[Event "FSGM June 2012"]
[Site "Budapest HUN"]
[Date "2012.06.11"]
[Round "9.3"]
[White "Rajlich,I"]
[Black "Varga,Zo"]
[Result "0-1"]
[WhiteElo "2441"]
[BlackElo "2451"]

1.d4 d5 2.c4 c6 3.e3 Nf6 4.Nc3 e6 5.Nf3 Nbd7 6.Bd3 dxc4 7.Bxc4 b5 8.Bd3 Bb7
9.a3 a5 10.e4 b4 11.e5 bxc3 12.exf6 Nxf6 13.bxc3 Qc7 14.Rb1 Bd6 15.c4 c5
16.dxc5 Bxc5 17.Bb2 Ng4 18.Bd4 Bxd4 19.Nxd4 Qe5+ 20.Be2 Bxg2 21.Rg1 Qxh2
22.Qa4+ Kf8 23.Kd2 Qe5 24.Kc3 Rd8 25.Rbd1 Nxf2 26.Rxg2 Qe3+ 27.Kc2 Nxd1 28.Nxe6+ Qxe6
29.Qxa5 Ne3+ 30.Kc1 Qf6 31.Qc5+ Qe7 32.Qa5 Nxg2  0-1

[Event "5th Mayors Cup 2012"]
[Site "Mumbai IND"]
[Date "2012.06.11"]
[Round "7.19"]
[White "Ravi,L"]
[Black "Godam"]
[Result "1-0"]
[WhiteElo "2324"]
[BlackElo "2073"]

1.d4 d5 2.c4 c6 3.Nc3 Nf6 4.e3 e6 5.Nf3 Nbd7 6.Bd3 dxc4 7.Bxc4 b5 8.Bd3 a6
9.a4 Bb7 10.O-O Bd6 11.e4 e5 12.dxe5 Nxe5 13.Nxe5 Bxe5 14.Be3 O-O 15.h3 Qe7
16.Qc2 Rfd8 17.f4 Bxc3 18.bxc3 Nxe4 19.Bxe4 f5 20.Bxf5 Qxe3+ 21.Kh2 Rd2 22.Qb3+ Kh8
23.Qf7 Rb8 24.Rae1 Re2 25.Qh5 Rxg2+ 26.Kxg2 Qd2+ 27.Re2  1-0

[Event "16th Voronezh Master Open"]
[Site "Voronezh RUS"]
[Date "2012.06.12"]
[Round "1.7"]
[White "Smirnov,P"]
[Black "Demianjuk,A"]
[Result "1/2-1/2"]
[WhiteElo "2610"]
[BlackElo "2300"]

1.d4 d5 2.c4 e6 3.Nc3 c6 4.Nf3 Nf6 5.e3 a6 6.c5 b6 7.cxb6 Nbd7 8.Qc2 Nxb6
9.Bd2 Bd6 10.Bd3 h6 11.e4 Nfd7 12.O-O O-O 13.e5 Be7 14.Qc1 c5 15.Bxh6 cxd4
16.Qf4 f5 17.Qg3 Rf7 18.Nxd4 Bh4 19.Nxe6 Qe7 20.Bg5 Bxg3 21.Bxe7 Rxe7 22.Nc7 Ra7
23.N7xd5 Nxd5 24.Nxd5 Rxe5 25.Bc4 Bh4 26.Ne7+ Kh7 27.Nxc8 Rc7 28.Nd6 Be7
29.f4 Rec5 30.Nxf5 Rxf5 31.Bd3 g6 32.Bxf5 gxf5 33.Rac1 Rb7 34.b3 Nc5 35.Rfd1 Kg6
36.Rd5 Ne4 37.Rc6+ Bf6 38.Kf1 Rh7 39.h3 Rh4 40.Rxa6 Rxf4+ 41.Kg1 Ng3 42.Rd1 Kg5
43.Ra4 Ne2+ 44.Kh1 Rf2 45.h4+ Kh5 46.Rc4 Ng3+ 47.Kh2 Bxh4 48.Kh3 Ne4 49.Rxe4 fxe4
50.g4+ Kg5 51.Rd5+ Kf4 52.Rf5+ Ke3 53.Kxh4 Rxf5 54.gxf5 Kd3 55.f6 e3 56.f7 e2
57.f8=Q e1=Q+ 58.Kg5 Qg3+ 59.Kf6 Qf2+ 60.Ke7 Qa7+ 61.Ke6 Qxa2 62.Qf3+  1/2-1/2

[Event "26th Pula Open"]
[Site "Pula CRO"]
[Date "2012.06.13"]
[Round "6.12"]
[White "Sadzikowski,D"]
[Black "Uwira,O"]
[Result "1-0"]
[WhiteElo "2392"]
[BlackElo "2248"]

1.c4 c6 2.Nf3 d5 3.e3 Nf6 4.Nc3 e6 5.d4 a6 6.Qc2 Nbd7 7.b3 b5 8.Bb2 Bd6 9.Be2 O-O
10.O-O Bb7 11.c5 Bc7 12.Bd3 b4 13.Ne2 a5 14.h3 Ba6 15.Bxa6 Rxa6 16.Ne5 Nxe5
17.dxe5 Nd7 18.f4 Qe7 19.Rac1 f6 20.exf6 Nxf6 21.Bxf6 Rxf6 22.e4 e5 23.Qd3 dxe4
24.Qxa6 exf4 25.Qc8+ Rf8 26.Qg4 Qe5 27.Nxf4 Rxf4 28.Rxf4 Qxf4 29.Qe6+  1-0

[Event "16th Voronezh Master Open"]
[Site "Voronezh RUS"]
[Date "2012.06.13"]
[Round "2.26"]
[White "Demianjuk,A"]
[Black "Goganov,A"]
[Result "0-1"]
[WhiteElo "2300"]
[BlackElo "2523"]

1.d4 Nf6 2.c4 c6 3.Nc3 d5 4.e3 e6 5.Nf3 Nbd7 6.Qc2 Bd6 7.Bd3 O-O 8.O-O dxc4
9.Bxc4 a6 10.Rd1 Qc7 11.Ne4 Nxe4 12.Qxe4 e5 13.Qh4 h6 14.e4 exd4 15.Bxh6 Ne5
16.Nxe5 Bxe5 17.f4 Bf6 18.Qg3 Qd6 19.e5 Bxe5 20.fxe5 Qxh6 21.Rxd4 Be6 22.Rh4 Qd2
23.Rf1 Rad8 24.Qg6 Qf2+ 25.Rxf2 Rd1+ 26.Rf1 Rxf1+ 27.Bxf1 fxg6 28.Bd3 Rd8
29.Bxg6 Rd1+ 30.Kf2 Rd2+ 31.Kf3 Rxb2 32.Rd4 Kf8 33.Rd8+ Ke7 34.Re8+ Kd7 35.Rf8 Rxa2  0-1

[Event "National Open 2012"]
[Site "Las Vegas USA"]
[Date "2012.06.15"]
[Round "1"]
[White "Kavutskiy,K"]
[Black "Anzis,M"]
[Result "1-0"]
[WhiteElo "2280"]
[BlackElo "2077"]

1.d4 d5 2.c4 c6 3.Nf3 Nf6 4.Nc3 e6 5.e3 Nbd7 6.Qc2 Bd6 7.Bd3 dxc4 8.Bxc4 O-O
9.O-O e5 10.h3 Qe7 11.Rd1 e4 12.Ng5 Nb6 13.Bb3 Bf5 14.f3 Rae8 15.Ngxe4 Nxe4
16.fxe4 Bxe4 17.Nxe4 Qxe4 18.Qxe4 Rxe4 19.Bc2 Re7 20.e4 f6 21.a4 c5 22.Be3 Nd7
23.a5 cxd4 24.Bxd4 Bc5 25.Bb3+ Kh8 26.Bd5 b6 27.a6 h5 28.Bxc5 Nxc5 29.b4 Nxe4
30.Bxe4 Rxe4 31.Rd7 Rc8 32.Rxa7 Re2 33.Rd7 Rcc2 34.a7 Rxg2+ 35.Kf1 Rcf2+
36.Ke1 Re2+ 37.Kd1 Rd2+ 38.Rxd2 Rg1+ 39.Kc2 Rxa1 40.Rd8+  1-0